00786nam a2200169Ia 4500008004100000020001500041050002100056100002200077240003600099245009700135260003100232300002200263500003600285505022300321650002900544700004300573120720s1991 ck 000 0 spa d a9586530043 aHD38.7bG67 199110aIan Gordoneautor aBeat the Competitionlespañol10aCómo anticiparse a su competenciac / Ian Gordon ; traducción Jesús Villamizar Herrera aColombiab : Legisc, 1991 aix, 260 páginas aIncluye: índice (pp. 257-260) aIntroducción Proceso de la inteligencia competitiva Recopilar la información competitiva Organizar inteligencia competitiva Análisis de la inteligencia competitiva Desarrollo de estrategias competitivas ganadoras10aÉTICA EN LOS NEGOCIOS 10aVillamizar Herrera, Jesúsetraductor